Docete (Record no. 87063)

MARC details
000 -LEADER
campo de control de longitud fija 01018nam a2200265 i 4500
001 - NÚMERO DE CONTROL
campo de control 87063
003 - IDENTIFICADOR DE NÚMERO DE CONTROL
campo de control ES-MaACL
005 - FECHA Y HORA DE LA ÚLTIMA TRANSACCIÓN
campo de control 20250826111425.0
007 - CAMPO FIJO DE DESCRIPCIÓN FÍSICA--INFORMACIÓN GENERAL
campo de control de longitud fija t|
008 - DATOS DE LONGITUD FIJA--INFORMACIÓN GENERAL
campo de control de longitud fija 041217m19541960sp ||||1| spa d
080 ## - NÚMERO DE LA CLASIFICACIÓN DECIMAL UNIVERSAL
Número de la Clasificación Decimal Universal 251
100 1# - ENTRADA PRINCIPAL--NOMBRE DE PERSONA
Nombre de persona Koch, Anton.
9 (RLIN) 68395
245 10 - MENCIÓN DEL TÍTULO
Título Docete
Resto del título : formación básica del predicador y del conferenciante /
Mención de responsabilidad, etc. Anton Koch, Antonio Sancho.
250 ## - MENCION DE EDICION
Mención de edición 2ª ed.
260 ## - PUBLICACIÓN, DISTRIBUCIÓN, ETC.
Lugar de publicación, distribución, etc. Barcelona :
Nombre del editor, distribuidor, etc. Herder,
Fecha de publicación, distribución, etc. 1954-1960.
300 ## - DESCRIPCIÓN FÍSICA
Extensión 8 v. ;
Dimensiones 22 cm.
490 1# - MENCIÓN DE SERIE
Mención de serie Biblioteca Herder
505 8# - NOTA DE CONTENIDO CON FORMATO
Nota de contenido con formato Contiene: T. I: Dios. -- T. II: El Hombre. -- T. III: La Iglesia. -- T. IV: La Gracia. -- T. V: El Hombre y Dios. -- T. VI: El Hombre en la vida social. -- T. VII: La vida del hombre. -- T. VIII: La vida de prefección
650 04 - PUNTO DE ACCESO ADICIONAL DE MATERIA--TÉRMINO DE MATERIA
Término de materia o nombre geográfico como elemento de entrada Predicación.
9 (RLIN) 16342
700 1# - ENTRADA AGREGADA--NOMBRE PERSONAL
Nombre de persona Sancho Nebot, Antonio,
Fechas asociadas al nombre 1884-1961
9 (RLIN) 103048
830 0# - PUNTO DE ACCESO ADICIONAL DE SERIE-TÍTULO UNIFORME
Título uniforme Biblioteca Herder
9 (RLIN) 183344
852 ## - LOCALIZACIÓN
Ubicación ES-MaACL
Número de control de estantería E-4235-42
Sublocalización o colección R.43499
852 ## - LOCALIZACIÓN
Ubicación ES-MaACL
Número de control de estantería C-19170-76
itemnumber R.47093
condición física .- Falta vol. 8º
Holdings
Estatus retirado Estado de pérdida Estado de daño No para préstamo Biblioteca de origen Biblioteca actual Ubicación en estantería Fecha de adquisición Fuente de adquisición Total de préstamos Signatura topográfica completa Código de barras Visto por última vez Precio de reemplazo Tipo de ítem Koha
        Biblioteca del Ateneo de Madrid Biblioteca del Ateneo de Madrid Mesetón 16/11/2009     C-19170-76 1181733 23/02/2023 23/02/2023 Libro impreso
        Biblioteca del Ateneo de Madrid Biblioteca del Ateneo de Madrid Depósito 2 17/01/2008     E-4235-42 1090966 23/02/2023 23/02/2023 Libro impreso